000 00234nam a2200097Ia 4500
008 170619s9999 xx 000 0 und d
100 _aShur- Michael
245 0 _aPhysics of semiconductor Devices
260 _bNew Delhi: PHI
260 _c1990
546 _aENGLISH
999 _c16382
_d16382